00486nam a22001817a 450000500170000001000140001702000250003103500130005603700130006908200120008210000150009424500490010926000390015827000450019730000200024250000190026265000230028120100805122354.0 aENG-98308 a9788183333221c99.00 aEN-81841 bDBAD/PUB a006.756 aSharma,M C aFlash CS4 :bTraining Guide /cby M C Sharma aNew DelhibBPB Publications c2010 aB-14 Connaught Place bNew Delhie110001 a267pc21cm(pbk) aIncludes index aComputer animation